Statistiken für Großstädte ohne Profi-Fußballverein

Klicken Sie hier um das Quiz zu spielen!

Allgemein

  • Dieses Quiz wurde 125 mal gespielt
    (111 seit der letzten Aktualisierung)
  • Das Durchschnittsergebnis liegt bei 22 aus 39

Antwortstatistiken

EinwohnerzahlStadt% Korrekt
336.465Bonn
87%
185.750Potsdam
79%
252.136Aachen
78%
111.191Jena
75%
358.876Wuppertal
74%
204.202Kassel
73%
214.969Erfurt
72%
172.830Oldenburg
72%
115.268Koblenz
70%
248.563Chemnitz
69%
210.824Oberhausen
69%
112.195Trier
69%
162.273Heidelberg
67%
127.810Würzburg
64%
118.946Göttingen
62%
228.426Krefeld
58%
115.468Bremerhaven
56%
116.562Erlangen
54%
157.368Herne
54%
180.849Hamm
53%
101.858Hildesheim
53%
189.783Hagen
51%
160.643Solingen
51%
154.139Neuss
50%
127.849Pforzheim
50%
104.548Salzgitter
50%
102.560Siegen
50%
128.334Heilbronn
49%
111.734Recklinghausen
49%
112.712Bergisch Gladbach
46%
105.287Moers
45%
118.113Bottrop
44%
112.613Remscheid
43%
117.547Reutlingen
43%
102.393Gütersloh
40%
101.364Hanau
32%
172.404Mülheim an der Ruhr
28%
174.265Ludwigshafen am Rhein
19%
134.170Offenbach am Main
18%

Verteilung der Resultate

Perzentil nach korrekt beantworteten Fragen

Anzahl Personen mit jedem Resultat

Ihre Resultats-Entwicklung

Sie haben dieses Quiz seit der letzten Aktualisierung nicht gespielt